000 00385nam a22001457a 4500
020 _a007123151x
082 _222
_a005.74
100 _aRamakrishnan, Raghu and Gehrke, Johannes.
245 _aDatabase management systems /
250 _a3 rd.
260 _aNew Delhi,
_bMcGrew Hall,
_cc2003.
300 _axxxii,1065 p. ;
_bill. ;
_c24 cm.
942 _2ddc
_cMAG
_04
999 _c1700
_d1700
999 _c1849
_d1849